Loading...
| Literature - American | 0 | 7 | 0 | 0 | 70 | 46 | 67.57 | 2 | 3 | 0.00 | 0.00 |
| Literature - British | 0 | 7 | 1 | 0 | 65 | 34 | 58.57 | 1 | 5 | 0.00 | 0.00 |
| Science - Biology | 0 | 7 | 1 | 1 | 65 | 9 | 39.71 | 3 | 5 | 0.00 | 0.00 |
| Fine Arts - Other | 0 | 6 | 0 | 1 | 60 | 55 | 92.50 | 0 | 4 | 0.00 | 0.00 |
| Literature - World | 0 | 5 | 1 | 0 | 45 | 43 | 74.00 | 1 | 3 | 0.00 | 0.00 |
| Literature - European | 0 | 5 | 3 | 0 | 35 | 65 | 83.60 | 0 | 4 | 0.00 | 0.00 |
| Social Science | 0 | 3 | 0 | 1 | 30 | 67 | 82.00 | 0 | 1 | 0.00 | 0.00 |
| History - Other | 0 | 2 | 0 | 0 | 20 | 74 | 84.50 | 0 | 0 | 0.00 | 0.00 |
| Mythology | 0 | 1 | 0 | 0 | 10 | 60 | 60.00 | 0 | 1 | 0.00 | 0.00 |
| Philosophy | 0 | 1 | 0 | 1 | 10 | 101 | 101.00 | 0 | 0 | 0.00 | 0.00 |
| Religion | 0 | 1 | 0 | 0 | 10 | 63 | 63.00 | 0 | 0 | 0.00 | 0.00 |
| Geography | 0 | 1 | 0 | 1 | 10 | 106 | 106.00 | 0 | 0 | 0.00 | 0.00 |
| Current Events | 0 | 1 | 0 | 0 | 10 | 105 | 105.00 | 0 | 0 | 0.00 | 0.00 |
| Science - Other | 0 | 1 | 0 | 0 | 10 | 43 | 43.00 | 0 | 1 | 0.00 | 0.00 |
| Science - Physics | 0 | 1 | 0 | 0 | 10 | 76 | 76.00 | 0 | 0 | 0.00 | 0.00 |
| History - World | 0 | 0 | 1 | 0 | -5 | 0.00 | 0 | 0 | 0.00 | 0.00 | |
| Science - Chemistry | 0 | 0 | 2 | 0 | -10 | 0.00 | 0 | 0 | 0.00 | 0.00 |